=LDR 00000nam 2200000 4500 =001 INLIS000000000027302 =005 20130612125704 =008 ***********************************Ind** =035 ##$$0010-061300000027302 =041 ##$$a Ind =082 ##$$a 372.6 =090 ##$$a 372.6, Sur a =100 ##$$a Suryanto,Ahmad =245 ##$$a Assalamualaikum good morning, Ahmad suryanto;Penyunting,Tanudi =260 ##$$a 2006 $b Jakarta =300 ##$$a iv,29 hlm, ilus, 28 cm =650 ##$$a BAHASA INGGRIS, PENDIDIKAN DASAR =700 ##$$a Tanudi =850 ##$$a NBPNMAT